ARRUPE JESUIT UNIVERSITY

CORONAVIRUS -STOP THE SPREAD - CLEAN,DISINFECT,COVER

Choosing for children : (Record no. 129432)

MARC details
000 -LEADER
fixed length control field 01168cam a2200301 a 4500
001 - CONTROL NUMBER
control field 3414131
003 - CONTROL NUMBER IDENTIFIER
control field ARRUPE
005 - DATE AND TIME OF LATEST TRANSACTION
control field 20190424135039.0
008 - FIXED-LENGTH DATA ELEMENTS--GENERAL INFORMATION
fixed length control field 900328s1990 enk b 001 0 eng
010 ## - LIBRARY OF CONGRESS CONTROL NUMBER
LC control number 90007176
020 ## - INTERNATIONAL STANDARD BOOK NUMBER
International Standard Book Number 0192177745 :
Terms of availability £17.50
020 ## - INTERNATIONAL STANDARD BOOK NUMBER
International Standard Book Number 0192861158 (pbk.) :
Terms of availability £6.99
040 ## - CATALOGING SOURCE
Original cataloging agency DLC
Transcribing agency DLC
Modifying agency DLC
-- OCoLC
-- DLC
050 00 - LIBRARY OF CONGRESS CALL NUMBER
Classification number RJ242
Item number .A42 1990
082 00 - DEWEY DECIMAL CLASSIFICATION NUMBER
Classification number 174/.2
Edition number 20
300 ## - PHYSICAL DESCRIPTION
Dimensions 23 cm.
100 1# - MAIN ENTRY--PERSONAL NAME
Personal name Alderson, Priscilla.
9 (RLIN) 45345
245 10 - TITLE STATEMENT
Title Choosing for children :
Remainder of title parents' consent to surgery /
Statement of responsibility, etc Priscilla Alderson.
260 ## - PUBLICATION, DISTRIBUTION, ETC. (IMPRINT)
Place of publication, distribution, etc Oxford [England] ;
-- New York :
Name of publisher, distributor, etc Oxford University Press,
Date of publication, distribution, etc 1990.
300 ## - PHYSICAL DESCRIPTION
Extent xvi, 251 p. ;
504 ## - BIBLIOGRAPHY, ETC. NOTE
Bibliography, etc Includes bibliographical references (p. [226]-241) and indexes.
650 #0 - SUBJECT ADDED ENTRY--TOPICAL TERM
Topical term or geographic name as entry element Sich children
General subdivision Hospital care
-- Decision making.
9 (RLIN) 45910
650 #0 - SUBJECT ADDED ENTRY--TOPICAL TERM
Topical term or geographic name as entry element Informed consent (Medical law)
9 (RLIN) 28231
650 #0 - SUBJECT ADDED ENTRY--TOPICAL TERM
Topical term or geographic name as entry element Child health services
General subdivision Moral and ethical aspects.
9 (RLIN) 45911
650 #0 - SUBJECT ADDED ENTRY--TOPICAL TERM
Topical term or geographic name as entry element Parent and child.
9 (RLIN) 45344
856 42 - ELECTRONIC LOCATION AND ACCESS
Materials specified Publisher description
Uniform Resource Identifier <a href="http://www.loc.gov/catdir/enhancements/fy0640/90007176-d.html">http://www.loc.gov/catdir/enhancements/fy0640/90007176-d.html</a>
906 ## - LOCAL DATA ELEMENT F, LDF (RLIN)
a 7
b cbc
c orignew
d 1
e ocip
f 19
g y-gencatlg
942 ## - ADDED ENTRY ELEMENTS (KOHA)
Source of classification or shelving scheme Library of Congress Classification
Koha item type Monograph ( Printed materials)
Holdings
Withdrawn status Lost status Source of classification or shelving scheme Damaged status Not for loan Collection code Home library Current library Shelving location Date acquired Total Checkouts Full call number Barcode Date last seen Price effective from Koha item type
    Library of Congress Classification     Main Collection ARRUPE LIBRARY ARRUPE LIBRARY Main Collection 24/04/2019   RJ242 .A42 1990 46600004549 10/09/2019 24/04/2019 Monograph ( Printed materials)

 

Arrupe Library. PO Box MP320 Mt Pleasant, Harare, Zimbabwe
263 242 745411|librarian@aju.ac.zw